000 00671nam a2200229Ii 4500
003 JO-AjNU
008 230606s9999||||xx |||||||||||||| ||und||
020 _a0-415-19209-9 / 978-0-415-19209-5
040 _aJO-AjNU
_beng
_erda
_cJO-AjNU
041 _aeng
050 1 4 _aBF315.E28.1999
100 3 _aEasthope, Antony,
_eauthor
_934
245 0 4 _aThe Unconscious
250 _a1 ed
264 3 1 _aLondon-New York: Routledge Taylor andFrancis Group,1999
300 _a182p
336 _atext
_btxt
_2rdacontent
337 _aunmediated
_bn
_2rdamedia
338 _avolume
_bnc
_2rdacarrier
490 0 _aThe new critical idiom
650 4 _aPsychoanalysis and literature
_935
999 _aE21
_c21
_d21